000 00313 a2200157 4500
001 172305
020 _a
040 _cMagnum
100 _aDinorah, Maria
240 1 0 _aO ursinho azul
_lpor
245 1 0 _aO ursinho azul
362 0 _a1899
440 1 _aModerna
697 _aI/FADAS, FANTASIA
942 _cBK
999 _c172305
_d172305